[Event "Abu Dhabi op 14th"]
[Site "Abu Dhabi"]
[Date "2004.08.18"]
[Round "5"]
[White "Bocharov, Dmitry"]
[Black "Kotsur, Pavel"]
[Result "0-1"]
[WhiteElo "2569"]
[BlackElo "2607"]
[Annotator "Huzman,A"]
[PlyCount "100"]
[EventDate "2004.08.14"]
[EventType "swiss"]
[EventRounds "9"]
[EventCountry "UAE"]
[SourceTitle "CBM 103"]
[Source "ChessBase"]
[SourceDate "2004.11.11"]
[SourceVersion "1"]
[SourceVersionDate "2004.11.11"]
[SourceQuality "1"]

1. d4 d5 2. c4 dxc4 3. Nf3 e6 4. e4 b5 5. a4 c6 6. axb5 cxb5 7. b3 Bb7 8. Nbd2
Bb4 9. bxc4 Bxe4 10. cxb5 (10. Qb3 Nc6 11. cxb5 Bxf3 12. Qxf3 Nxd4 13. Qd3 Rc8
14. Kd1 Rc3 15. Qb1 Nb3 16. Qb2 Qd4 {0-1 Panzer,P-Mueller,K/Germany 1991/
GER-chT (16)}) (10. Be2 Nf6 11. O-O Bxd2 12. Nxd2 $1 O-O 13. Ba3 Re8 14. Nxe4
Nxe4 15. Qc2 $5 (15. Bf3 f5 16. Bxe4 fxe4 17. cxb5 Qd5 18. Qe2 $5 $44) 15... f5
16. d5 $5 exd5 17. Rfd1 Qb6 $1 18. c5 Qb7 19. Qb3 Nc6 20. Qxd5+ (20. Rxd5 $5) (
20. Bxb5 $5) 20... Kh8 21. Bb2 Rf8 22. Bf3 Rae8 23. h3 a5 {1-0 Farago,I-Rausis,
I/Osterskars 1995/EXT 97/[Tisdall] (39)}) 10... Nf6 (10... Ne7 11. Qa4 (11. Ba3
Bxf3 $1 12. Qxf3 Qxd4 13. Rd1 Nd5 14. Bxb4 Qxb4 15. Bc4 O-O (15... Nb6 $5 16.
O-O O-O $17) 16. Bxd5 exd5 17. Qxd5 Re8+ 18. Kf1 Nd7 19. Qxd7 Rad8 $17 {
0-1 Bocharov,D-Vorobiov,E/Dagomys RUS 2004/37)}) 11... Bxd2+ 12. Nxd2 Bd5 13.
Be2 O-O 14. O-O a6 15. bxa6 Bb7 16. Ba3 Bxa6 17. Rfb1 Re8 18. Rxb8 Qxb8 19.
Bxa6 Nd5 20. Qc6 Nb4 21. Bxb4 Qxb4 22. Nf3 Rec8 23. Bf1 Rxc6 24. Rxa8+ Qf8 25.
Rxf8+ Kxf8 $14 {1/2-1/2 Komarov,D-Maksimenko,A/Niksic 1996/EXT 2000 (63)}) 11.
Be2 O-O (11... Bxf3 12. Bxf3 Qxd4 13. Ra4 Nd5 14. O-O a5 15. Ba3 Ra7 16. Bxd5 (
16. Bxb4 Nxb4 (16... axb4 17. Rxa7 Qxa7 18. Bxd5 exd5 19. Re1+ $18) 17. Nb3 Qb6
18. Nxa5 Rxa5 19. Rxb4 $14) 16... Qxd2 (16... exd5 17. Bxb4 axb4 18. Rxa7 Qxa7
19. Re1+ $16) 17. Bxb4 Qxd5 18. Qc2 $1 $16) 12. O-O Bd5 (12... Bb7 13. Ba3 Bxa3
14. Rxa3 Qb6 15. Qa1 $14) 13. Ba3 Bxa3 14. Rxa3 Nbd7 15. Qa1 $14 {[%csl Ra7]
White has chances for an advantage due to the weakness of the pawn a7.} Qb8 16.
Rc1 Ne4 17. Nf1 $1 Nd6 18. Ne3 Qb7 (18... Be4 19. Ne5 Nxe5 20. dxe5 Nf5 21. f3
Bb7 22. Nxf5 exf5 23. Bc4 $16) 19. Nxd5 exd5 (19... Qxd5 20. Rc7 Rfd8 21. Raxa7
Rxa7 22. Rxa7 $16 Nxb5 $140 23. Ra5 Rb8 24. Qf1 $18) 20. Ra6 Nb6 21. Rc6 (21.
Ne5 $5 Rfe8 22. Qa2 $1 $16) 21... Rfd8 (21... Nbc4 22. Bxc4 Nxc4 23. Rc5 $14)
22. Ne5 f6 $6 (22... Nbc4 23. Nxc4 Nxc4 (23... dxc4 24. Bf3 $18) 24. Rc5 $14)
23. Ng4 Nbc4 24. Qa2 $2 {This move gives the initiative to Black.} (24. Bf3 $1
{[%mdl 32]} Nb6 (24... Qf7 25. b6 $1 $16) 25. Ne3 Kh8 (25... Nxb5 $140 26.
Rcxb6 $1 axb6 27. Bxd5+ $18) 26. Rc5 $16 {Clear advantage of the White is
determined by the weaknesses of pawns a7 and d5 and also by active position of
all their pieces.}) 24... Kh8 25. Bxc4 Nxc4 (25... dxc4 $5 26. Rxd6 Rxd6 27.
Rxd6 Qe7 28. Ne5 $1 fxe5 29. Rd5 exd4 30. Qxc4 Qe1+ 31. Qf1 $11) 26. Rc5 $2 (
26. Qb3 $6 Rdb8 27. h3 Na5 $1 28. Rxa5 Qxc6 29. bxc6 Rxb3 30. Rxd5 Rc3 31. Rd6
a5 (31... Kg8 32. Ne3 a5 33. Nd5 Rc1+ 34. Kh2 Ra6 35. Rd8+ Kf7 36. Rd7+ (36. c7
Rac6) 36... Kf8 (36... Kg6 37. Ne7+ Kf7 38. d5 a4 39. Nf5+ Kf8 40. c7 a3 41.
Nd4 $16) 37. Rd8+ $11) 32. Ne3 a4 33. Nd5 Rc1+ 34. Kh2 h5 35. c7 Ra5 36. Rd8+
Kh7 37. Nxf6+ gxf6 38. c8=Q Rxc8 39. Rxc8 a3 40. Rc1 $11) (26. h3 $1 Qxb5 27.
Rc7 $11) 26... Qe7 $1 27. h4 $2 {White failed to find the right defence and by
inertia he makes an active but bad move.} (27. h3 $142 Qe1+ 28. Kh2 f5 $1 (
28... Nd2 29. Qb2 Nf1+ 30. Kg1 $11) (28... h5 29. Ne3 Nxe3 30. fxe3 h4 31. Rxd5
$11) 29. Rxc4 fxg4 (29... dxc4 30. Ne5 Rxd4 (30... Rf8 31. Qxc4 $11) 31. Nf3
Qe4 32. Nxd4 Qxd4 33. b6 $14) 30. Rc2 gxh3 31. gxh3 Qe4 $17) 27... Qe1+ 28. Kh2
Qe4 $1 $19 29. f3 Qf4+ 30. Kg1 $2 (30. Kh3 h5 31. Nh2 (31. Nf2 Ne3 $1 $19 {
[%csl Rh3][%cal Ye3f1,Ye3f5]}) 31... Ne3 $1 32. Qb1 Nf5 33. Qe1 Qxd4 $19) 30...
h5 (30... f5 $1 31. Nh2 (31. Nf2 Re8 32. Qb1 Qd2 $19) 31... Nd2 $1 32. Qa1 Nb3
$19) 31. Nh2 $2 (31. Nf2 Qxd4 (31... Re8 32. Ne4 $1) 32. Rxa7 (32. Rc7 Re8 $1
$19) 32... Rxa7 33. Qxa7 Re8 34. Rc7 Re1+ 35. Kh2 Qxh4+ 36. Nh3 Ne3 $19) 31...
Nd2 (31... Qxd4+ 32. Qf2 $17) 32. Qa1 (32. Rxd5 Qe3+ 33. Kh1 Qe1+ $19) 32...
Nb3 33. Qb2 Nxc5 34. dxc5 Qe3+ 35. Qf2 Qc1+ 36. Nf1 d4 (36... Qc4 $19) 37. c6
d3 (37... Qc5 38. Ra5 Rab8 $19) 38. Ra2 Rab8 39. Qxa7 Rxb5 40. Qc7 Qc5+ 41. Kh1
Qb6 (41... Rd4 $1 $19) 42. Qf7 Qxc6 (42... Rb1 43. c7 Rxf1+ 44. Kh2 Qd6+ $19)
43. Ra7 Rg8 44. Rd7 Qc1 45. Kg1 Qc5+ 46. Kh2 Qe5+ 47. Ng3 d2 48. Qc4 Rc5 49.
Qd3 d1=Q 50. Qxd1 Rc4 0-1

[Event "Gausdal Classic"]
[Site "Gausdal"]
[Date "2004.09.30"]
[Round "8"]
[White "Lugovoi, Aleksei"]
[Black "Gronn, Atle"]
[Result "1/2-1/2"]
[WhiteElo "2540"]
[BlackElo "2409"]
[Annotator "Huzman,A"]
[PlyCount "102"]
[EventDate "2004.09.23"]
[EventType "tourn"]
[EventRounds "9"]
[EventCountry "NOR"]
[EventCategory "10"]
[SourceTitle "CBM 104"]
[Source "ChessBase"]
[SourceDate "2005.01.27"]
[SourceVersion "1"]
[SourceVersionDate "2005.01.27"]
[SourceQuality "1"]

1. d4 d5 2. c4 dxc4 3. Nf3 a6 4. e4 b5 5. Nc3 Bb7 6. a4 b4 7. Bxc4 e6 8. Qb3 (
8. d5 bxc3 9. Qb3 exd5 (9... Qc8 $5) 10. Qxb7 dxc4 11. Qxa8 cxb2 12. Bxb2 Bb4+
13. Kf1 c3 14. Ba3 (14. Bc1 $142) 14... Bxa3 15. Rxa3 Qd3+ 16. Ke1 Qb1+ 17. Ke2
Qb2+ 18. Kd3 Ne7 $40 {0-1 Gufeld,E-Bagirov,V/Baku 1964/EXT 99 (25)}) 8... Nc6 (
8... Nd7 9. Ng5 Qe7 10. Ne2 Nb6 (10... Ngf6 11. e5 $6 (11. Nf4 $1 Nxe4 12. Nxe4
Bxe4 13. O-O Nf6 14. Re1 c6 15. Rxe4 $1 Nxe4 16. Qf3 f5 17. Nxe6 $36) 11... Nd5
12. O-O h6 13. Ne4 Qh4 $1 14. f4 c5 15. Qf3 $1 cxd4 16. Nxd4 Rc8 $1 17. b3 Nc3
18. Nd6+ Bxd6 19. Qxb7 Rxc4 $1 20. bxc4 Bc5 21. Be3 Bxd4 22. Bxd4 Ne2+ 23. Kh1
Ng3+ {1/2-1/2 Van Wely,L-Brenninkmeijer,J/Nederland (ch) 1995/Inf 64/[Van Wely,
L] (23)}) 11. Bd3 h6 12. Nf3 Nf6 13. Ng3 (13. Qc2 $5) 13... c5 14. e5 Nfd7 15.
Be4 Nd5 16. Be3 cxd4 (16... g6 $1 $13) 17. Bxd4 Nc5 18. Bxc5 Qxc5 19. O-O Rc8
20. Nh5 $16 {1/2-1/2 Piket,J-Granda Zuniga,J/Amsterdam 1995/CBM 49/[Giese] (38)
}) 9. a5 Nxd4 (9... bxc3 10. Qxb7 Nb4 11. O-O (11. e5 cxb2 (11... Nc2+ 12. Ke2
Rb8 13. Qc6+ Qd7 14. Qxd7+ Kxd7 15. Ra2 Nb4 16. Ra3 Nd5 17. Rb3 Rxb3 18. Bxb3
Bb4 19. bxc3 Nxc3+ 20. Kd3 Ne7 21. Bd2 Ncd5 22. Ba4+ c6 23. Rb1 $16 {1-0
Hansen,C-Hansen,L/Aalborg 1994/EXT 98 (36)}) 12. Bxb2 c6 13. O-O Rb8 14. Qa7
Qc8 15. Ba3 Ra8 16. Qb6 Rb8 17. Bxb4 $1 Rxb6 18. Bxf8 Kxf8 19. axb6 $18 {
1-0 Farago,I-Kallai,G/HUN 1993/TD (25)}) 11... Rb8 12. Bxa6 Rxb7 13. Bxb7 cxb2
(13... Qb8 14. a6 Nxa6 15. Bc6+ $1 Ke7 16. bxc3 $16 {1-0 Koniushkov,I-Ivanov,V/
Moscow 1995/EXT 98 (26)}) 14. Bxb2 Qb8 15. a6 Nxa6 16. Bc6+ Ke7 17. Rfb1 f6 18.
Rxa6 Kf7 19. Ra8 {1-0 Izeta Txabarri,F-Vladimirov,E/Ceuta 1992/TD (19)}) 10.
Nxd4 Qxd4 11. Be3 Qd7 (11... Qf6 12. O-O (12. O-O-O Nh6 13. Nb5 Qe7 (13... axb5
14. Bxb5+ c6 15. a6 Rxa6 16. Bxa6 Bxa6 17. Qa4 $18) 14. Na7 c6 15. Qa4 Qc7 16.
g3 $1 Be7 17. Bb6 $16 {1-0 Farago,I-Skomorokhin,R/HUN 1994/TD (24)}) 12... Nh6
13. Nb5 Bd6 14. Nxd6+ cxd6 15. Qxb4 Qe7 16. Qa4+ Qd7 17. Qxd7+ Kxd7 18. f3 Rhc8
19. Bb3 Bc6 20. Rfd1 Bb5 21. Rd2 Rc6 22. Rad1 $16 {1-0 Engels,L-Ammar,S/Sao
Paulo 1966/EXT 2001 (52)}) (11... Qe5 12. O-O-O Bc5 13. Rhe1 Ne7 14. Kb1 Bxe3
15. Rxe3 Qxa5 16. Nd5 Nc6 17. Nf4 O-O $17 {0-1 Lachique,F-Bernard,V/FRA 2002/
EXT 2003 (25)}) 12. O-O (12. f3 Bd6 13. O-O (13. Na4 Qe7 14. e5 $1 Bxe5 15. Nc5
Bc8 $6 (15... Bc6 $1 $13) 16. Qa4+ Bd7 17. Qc2 Nf6 18. Bxa6 Nd5 19. Bf2 Rxa6 (
19... O-O $142 20. O-O $44 (20. Bb7 $6 Bb5 21. Bxa8 Rxa8 $36)) 20. Nxa6 Bb5 21.
Nc5 O-O (21... Qg5 $1 22. a6 Qxg2 23. Rg1 Qxf3 $13) 22. a6 Qg5 23. a7 Ra8 24.
Ra5 $1 $13 {1-0 Pedersen,S-Sadler,M/Cannes 1995/CBM 46 ext (36)}) (13. O-O-O
Qe7 14. e5 Bc5 15. Bf4 Qh4 16. g3 Qe7 17. Qa4+ Kf8 18. Ne4 Bxe4 19. fxe4 Qe8
20. Rd7 $16 {1-0 Liljedahl,E-Barnsley,A/ICCF 1998/ICCF Telechess CBM 98 (44)})
13... Nf6 14. Rfd1 (14. Rad1 Qe7 15. Bg5 O-O 16. f4 Rfb8 17. Ne2 Bxe4 18. Ng3
Bc6 19. Nh5 $44 {1/2-1/2 Bukal,V-Glavas,D/Medulin 1997/EXT 2000 (53)}) 14...
Qe7 15. Qa4+ Qd7 16. Qb3 Qe7 17. Qa4+ Qd7 18. Qb3 Qe7 {1/2-1/2 Farago,I-Izsak,
G/Budapest 1995/EXT 97 (18)}) 12... Bd6 13. Na4 Nf6 (13... Bxe4 14. Nc5 Bxc5
15. Bxc5 Qc6 16. Bxb4 Bxg2 17. Rfc1 $44 {[%csl Re8]}) 14. f3 (14. Nc5 Bxc5 15.
Bxc5 Nxe4 16. Bxb4 c5 $17) 14... Qe7 15. Bd3 (15. Rfc1 Nd7 $15) 15... O-O 16.
Rac1 Nd7 17. Qc2 (17. f4 $5 e5 18. f5 Rfd8 19. Rc4 Rac8 20. Rfc1) 17... f5 18.
exf5 (18. f4 fxe4 19. Bxe4 Bxe4 20. Qxe4 Nf6 21. Qc6 Nd5 $17) 18... exf5 19.
Bf4 $1 Ne5 (19... Bxf4 20. Qc4+ Kh8 21. Qxf4 c5 22. Rfe1 $44) (19... Kh8 $5 20.
Rfe1 Qf6 21. Bxd6 cxd6 22. Qd2 Ne5 23. Be2 $44 {[%csl Rb4,Rd6]}) 20. Rfe1 (20.
Bxf5 Kh8 $1 (20... Bc6 21. Bxh7+ Kh8 22. Be4 b3 $1 23. Qd2 Bxa4 24. Bxa8 Rxa8
25. Rfe1 $13) (20... Qh4 21. Bg3 Qh5 22. Be4 (22. Be6+ Kh8 23. Nc5 Bxf3 24.
gxf3 Nxf3+ 25. Rxf3 Qxf3 $40) 22... Bxe4 23. Qxe4 $11) (20... Rxf5 21. Qxf5 Rf8
22. Qg5 Rxf4 23. Qxe7 Bxe7 24. Rxc7 $16) 21. Bg3 (21. Be4 Bxe4 22. fxe4 (22.
Qxe4 Nxf3+ 23. gxf3 Qxe4 24. fxe4 Bxf4 $17) 22... Nd3 $1 23. Qxd3 Bxf4 $17 {
[%csl Ra4]})) 20... Kh8 21. Bxf5 $2 {White give Black strong initiative on the
king's side by opening file"f".Instead of this they could receive good
compensation after excanging active pieces of Black.} (21. Bxe5 $1 Bxe5 22. Nc5
Bd5 23. Kh1 Qd6 (23... b3 24. Qd2 Qd6 25. Rxe5 Qxe5 26. Nd7 Qd4 27. Nxf8 Rxf8
28. Rxc7 $11) 24. Rxe5 Qxe5 25. Nd7 Qe3 26. Nxf8 Rxf8 27. Qc5 $1 $44) 21... Qh4
$1 $17 22. Bxe5 Bxe5 23. h3 Bxf3 (23... Qf4 24. Be4 Qh2+ 25. Kf1 Bg3 26. Bxb7
Qh1+ 27. Ke2 Qxg2+ (27... Rae8+ 28. Be4 Qxg2+ 29. Kd3 Rxf3+ $1 30. Kc4 Qxc2+
31. Rxc2 Rf4 $19) 28. Kd3 Rad8+ 29. Kc4 Qxc2+ 30. Rxc2 Bxe1 $19) 24. gxf3 Qg3+
25. Qg2 Rxf5 $19 26. Re4 Qxg2+ 27. Kxg2 Bd6 28. Rec4 Rxa5 29. Nc5 Bxc5 (29...
Re8 $5) 30. Rxc5 Rxc5 31. Rxc5 a5 32. b3 Ra7 33. Kf2 Kg8 34. Ke3 Kf7 35. Kd4
Ke6 36. Kc4 Kd6 37. Rd5+ Kc6 38. Rg5 g6 39. h4 Ra8 40. h5 gxh5 41. Rxh5 Rf8 (
41... Kb6 42. Rxh7 Rf8 43. Rh3 Rf5 44. Kd4 a4 45. bxa4 Ka5 46. Ke4 Rf7 $19) 42.
Rh6+ Kb7 43. Kb5 $1 Rxf3 44. Ka4 $1 Rc3 45. Rxh7 Kb6 46. Rh5 c6 47. Rg5 c5 (
47... Rf3 48. Rh5 Rf1 49. Rh1 Rf5 50. Rh5 Rb5 (50... Rd5 51. Rxd5 $11) 51. Rc5
$1 $11) 48. Rg6+ Kb7 (48... Kc7 49. Ra6 Rc1 (49... c4 50. Rxa5 cxb3 (50... Rxb3
51. Rc5+ $11) 51. Rb5 $11) 50. Kb5 c4 51. Rc6+ Kd7 52. Rxc4 Rxc4 53. Kxc4 Kc6
54. Kd3 Kd5 (54... Kc5 55. Kc2) 55. Ke3 Kc5 56. Kd3 Kb5 57. Kc2 $11) 49. Rb6+
$1 Kc7 50. Rb5 $1 Rc1 (50... Kc6 51. Rxa5 Rc1 52. Ra6+ Kd5 53. Rh6 $11) 51.
Rxc5+ Rxc5 1/2-1/2

[Event "RUS-Cup4"]
[Site "Perm"]
[Date "1997.02.15"]
[Round "8"]
[White "Supatashvili, Khvicha"]
[Black "Shcherbakov, Ruslan"]
[Result "0-1"]
[WhiteElo "2465"]
[BlackElo "2580"]
[Annotator "Huzman,A"]
[PlyCount "76"]
[EventDate "1997.02.02"]
[EventType "swiss"]
[EventRounds "9"]
[EventCountry "RUS"]
[SourceTitle "CBM 058"]
[Source "ChessBase"]
[SourceDate "1997.06.01"]
[SourceVersion "1"]
[SourceVersionDate "1997.06.01"]
[SourceQuality "1"]

1. d4 d5 2. c4 dxc4 3. Nf3 e6 4. e3 a6 5. Bxc4 c5 6. Qe2 b5 7. Bd3 cxd4 8. Be4
(8. Nxd4 Nf6 9. Nd2 Bb7 10. N4f3 Nbd7 11. O-O e5 12. Bf5 e4 13. Nd4 Be7 14. a4
bxa4 15. Rxa4 Nc5 16. Ra1 g6 17. Bh3 O-O 18. Nc4 a5 $15 {0-1 Delemarre,
J-Maksimenko,A/Schoeneck GM-B sp 1996 (28)}) 8... Ra7 9. exd4 (9. Nxd4 Nf6 10.
Bf3 $2 (10. Bc2 $15) 10... Rc7 11. O-O e5 $19) 9... Nf6 10. Bc2 (10. Bg5 Be7 (
10... Qa5+ 11. Bd2 Bb4 $15)) 10... Be7 11. Nc3 O-O 12. Bg5 Rd7 (12... Nc6 $6
13. Bxf6 gxf6 $8 (13... Bxf6 $2 14. Qe4 g6 15. Qxc6 $18) 14. Rd1 {[%cal Gd4d5]}
) 13. a4 b4 14. Ne4 a5 15. h4 (15. Nxf6+ Bxf6 16. Qe4 g6 17. Qh4 (17. h4 Bb7
18. Qf4 Bxg5 19. hxg5 Bxf3 $17) 17... Bxg5 18. Nxg5 f6 $1 $17) 15... Nxe4 16.
Bxe4 Ba6 17. Qe3 f6 18. Bf4 (18. Qb3 Kh8 (18... fxg5 $4 19. Qxe6+ Kh8 20. hxg5
$18)) (18. O-O-O $1 Bc4 $1 (18... fxg5 19. Bxh7+) (18... Kh8 19. Kb1 $36) 19.
b3 Bd5 20. Bxd5 exd5 21. Qe6+ (21. Bf4 Bd6) 21... Kh8 22. Bd2 $11) 18... Bd6
19. Bxd6 Rxd6 20. Bd3 (20. O-O-O Qd7 21. Bc2 Rc8 22. Kb1 Rxc2 $1 $40) 20...
Bxd3 21. Qxd3 Nc6 22. O-O-O (22. Rd1 Ne5 $1 $17) 22... Qd7 (22... Ne5 $17 23.
Qe4 Nxf3 24. gxf3 Qd7 $17) 23. Rhe1 Rd8 24. Qb3 h6 25. g3 Kh8 26. d5 (26. Re4
e5 $17) (26. Kb1 e5 $17) 26... Rxd5 27. Rxd5 exd5 28. Qd3 Ne5 29. Nxe5 fxe5 $19
30. b3 Qf7 31. Re2 (31. Rxe5 $4 Qc7+ $19) 31... Qf6 $1 32. Rc2 e4 33. Qe3 d4
34. Qf4 Qe6 35. Rc4 e3 36. fxe3 dxe3 37. Re4 Qf6 (37... Qxb3 $19) 38. Qxe3 Qf1+
{[39.Kb2 Qg2 40.Kc1 Rc8 41.Kd1 Qc2 42.Ke1 Qb1 43.Ke2 Rc2 44.Kf3 Rc3-+]} 0-1

[Event "Moscow Aeroflot op-A"]
[Site "Moscow"]
[Date "2004.02.25"]
[Round "9"]
[White "Khenkin, Igor"]
[Black "Rublevsky, Sergei"]
[Result "0-1"]
[WhiteElo "2611"]
[BlackElo "2655"]
[Annotator "Huzman,A"]
[PlyCount "72"]
[EventDate "2004.02.17"]
[EventType "swiss"]
[EventRounds "9"]
[EventCountry "RUS"]
[SourceTitle "CBM 100"]
[Source "ChessBase"]
[SourceDate "2004.06.01"]
[SourceVersion "1"]
[SourceVersionDate "2004.06.01"]
[SourceQuality "1"]

{[%mdl 2]} 1. d4 d5 2. Nf3 e6 3. c4 dxc4 4. Qa4+ Nd7 5. e4 c5 6. Bxc4 cxd4 7.
O-O Bc5 8. b4 (8. Na3 Ne7 9. b4 (9. Nb5 Nb6 10. Qc2 Nxc4 11. Qxc4 Bb6 12. Bf4
O-O 13. Nc7 Rb8 14. Nb5 Ra8 15. Nfxd4 Bd7 16. Nd6 Ng6 17. Be3 Qe7 $17 {1/2-1/2
Ivanov,S-Rublevsky,S/Elista 1997/CBM 59 (65)}) 9... Bd6 10. Nb5 Bb8 11. Nbxd4
O-O 12. Qb3 Ne5 13. Be2 Nxf3+ 14. Nxf3 Ng6 15. Rd1 Qf6 16. Bb2 Qf4 17. Qc2 Nh4
18. e5 Nxf3+ 19. Bxf3 Bxe5 20. Bxe5 Qxe5 21. Rac1 $44 a5 $1 $11 {1/2-1/2
Ivanov,S-Rublevsky,S/Elista 1997/CBM 59 (49)}) (8. Be2 Ngf6 9. Nxd4 O-O 10. Nb3
Bd6 11. Nc3 a6 12. Be3 Rb8 13. Qd4 Be5 14. Qb4 b5 15. Rac1 Bb7 16. Rfd1 Bxc3
17. bxc3 Bxe4 18. Nc5 a5 19. Qb2 Bc6 20. Na6 Rb7 21. Nc5 $11 {1/2-1/2 Xu
Jun-Rublevsky,S/Shanghai 2001/CBM 85/[Huzman] (22)}) 8... Bd6 (8... Bb6 9. Na3
(9. Rd1 Ne7 10. Nxd4 Ng6 11. Be3 {1/2-1/2 Popov,V-Savon,V/St Petersburg 1997/
EXT 2000 (11)}) 9... a6 10. Bg5 Ne7 11. Rfd1 O-O 12. Nxd4 Qe8 13. Rac1 Ng6 14.
Be2 h6 15. Be3 Qe7 16. Qb3 Nf6 17. Nc6 bxc6 18. Bxb6 $16 {1/2-1/2 Solozhenkin,
E-Ivanov,J/Algarve 1999/EXT 2000 (46)}) 9. e5 Bb8 10. Bb2 (10. Bf4 Ne7 11. Nbd2
O-O 12. Rfe1 Nb6 13. Qb3 Nxc4 14. Nxc4 $11 {1-0 Sakaev,K-Rublevsky,S/St
Petersburg 1998/CBM 67/[Epishin] (34)}) 10... Ne7 $146 {[%csl Re5][%cal Ye7c6,
Yc6e5,Yd7e5,Yb8e5] This move is more flexible than 10...Nh6.Beside of Nf5
Black can also play Nc6 attacking pawn e5.} (10... Nh6 11. Bxd4 Nf5 12. Bb2 O-O
13. Qc2 Nb6 14. Bd3 Nd5 15. a3 Bd7 16. Rd1 g6 17. Bxf5 gxf5 18. Nc3 Nxc3 19.
Qxc3 Qe7 20. Qd2 Ba4 21. Qh6 Bxd1 22. Rxd1 Rd8 23. Re1 Qf8 24. Qg5+ Kh8 25.
Qf6+ Kg8 26. Bc1 $18 {1-0 Kuzmin,A-Kharlov,A/Dubai UAE 2003/The Week in Chess
442 (78)}) 11. Bxd4 O-O 12. Re1 (12. Rd1 Nb6 13. Qb3 Nxc4 (13... Nc6 14. Bc5
Nxc4 15. Rxd8 Rxd8 16. Na3 $14 Nxa3 17. Qxa3 Nxe5) 14. Qxc4 b6 15. Nc3 Bb7 16.
Qe2 Nd5 $11) ({After} 12. Qc2 {it becomes possible} Nc6 $1 {This is the
difference between 10...Nh6 and Ne7.}) 12... Nf5 (12... Nb6 13. Bxb6 (13. Qb3
Nxc4 14. Qxc4 b6 15. Nbd2 Bb7 $11) 13... Qxb6 14. Nc3 (14. b5 $5 Bd7 (14... a6
15. Nc3 Ba7 16. Qc2 Ng6 17. Rab1 Qa5 18. Ne4 $36) 15. Nc3 a6 16. Bd3 Ng6 17.
Rad1 Ba7 $1) 14... Nc6 15. b5 Nd4 (15... Nxe5 16. Nxe5 Qd4 17. Nxf7 $1 $16) 16.
Qd1 Nxf3+ 17. Qxf3 Qc5 18. Bd3 Bxe5 19. Bxh7+ Kxh7 20. Qh5+ Kg8 21. Qxe5 Qxe5
22. Rxe5 Rd8 $11) 13. Bb2 Nb6 14. Qb3 Nxc4 15. Qxc4 Bd7 $11 16. Nc3 Bc6 17.
Rad1 Qe7 18. Nd4 (18. Ne4 Bd5) 18... Nxd4 19. Rxd4 {White try to attack Kg8 by
transfer Rd4 to g4.} (19. Qxd4 a6 20. Qg4 Ba7 $11) 19... a6 20. Rg4 $5 Ba7 21.
Bc1 f5 $1 {[%mdl 36] Black neutalize attack of White by this pawn sacrifise.In
the appearing endgame White have to defend very accurately as their pawns on
the Q-side are weak and pair of Black bishops controls the whole board.} 22.
exf6 Qxf6 $1 (22... Rxf6 23. Be3 Bxe3 24. Rxe3 Qf7 (24... Rd8 25. Rd4 Rg6 26.
Ne4 $14) 25. f3 Rd8 26. Rd4 $14) 23. Rf4 (23. Bf4 Rae8 $17 24. Kh1 $140 (24.
Ne4 $140 Bxe4 25. Rxe4 (25. Qxe4 h5 $19) 25... Rc8 26. Qf1 Rc2 $19) 24... Bxf2
25. Be5 Bxe1 26. Bxf6 Rxf6 $40) 23... Qg6 $1 24. Qxe6+ Qxe6 25. Rxe6 Rfe8 $1
26. Rxe8+ Rxe8 27. Kf1 (27. Bd2 Rd8 28. Be3 Bxe3 29. fxe3 Rd3 30. Rc4 Rxe3 $15)
27... Bb8 28. Rc4 $2 (28. Rg4 Be5 29. Bd2 Rc8 30. Ne4 Bb5+ 31. Ke1 Rc2 $44) (
28. Rf5 $5 Be5 29. Bd2 g6 30. Rg5 Kf7 31. f4 Bf6 $44) 28... Rc8 $1 $17 29. Kg1
(29. Nd5 Bb5 30. Ne7+ Kf7 31. Nxc8 Bxc4+ 32. Ke1 Bxa2 $17) 29... b5 30. Rd4 $2
(30. Rh4 $8 Bd7 (30... Be5 31. Ne2 Bb7 32. Rh5 Bd6 33. a3 Rc2 34. Kf1 Be4 35.
Rh3 Bxg2+ 36. Kxg2 Rxe2 37. Rd3 $15) 31. Bd2 Be5 32. Ne4 Rc2 33. a3 Bc6 34. Be3
Ra2 $17) 30... Be5 $19 31. Be3 (31. Rd3 Be4 $19) 31... Bxd4 32. Bxd4 Rd8 33.
Be5 Rd2 34. f3 Rb2 35. Bd6 (35. a3 Rb3 $19) 35... Rc2 36. Be5 a5 (36... a5 37.
a3 a4 38. Kf1 Rb2 39. Ne2 Ra2 40. Nc1 Rc2 41. Nd3 Bd5 $1 $19) 0-1